| 000 | 00971cam a2200229 4500 | ||
|---|---|---|---|
| 001 | L136579 | ||
| 008 | 070208n2005 000 0 eng u | ||
| 035 | _a(Sirsi) u136579 | ||
| 041 | 0 | _aeng | |
| 100 | 1 | _aSong, Yu | |
| 245 | 0 | 0 |
_aComparisons on linkages of construction and real estate sectors in OECD countries _h[electronic resource] |
| 260 |
_aLondon _bRICS _c2005 |
||
| 490 | 0 |
_aCOBRA _v2005 |
|
| 520 | _aCompares the lower total, backward and internal linkages in the real estate sector to those in the construction sector. Reports sectoral linkages from construction to real estate to be larger than those from real estate to construction in all selected countries. | ||
| 651 | 4 | _aInternational | |
| 690 | _aBUILT ENVIRONMENT | ||
| 690 | _aPROPERTY | ||
| 700 | 1 | _aLiu, Chunlu | |
| 700 | 1 | _aLangston, Craig | |
| 856 | 4 | 0 |
_uhttps://www.rics.org/site/scripts/download_info.aspx?downloadID=2619 _zView the item free of charge at www.rics.org... |
| 942 | _n0 | ||
| 999 |
_c106441 _d106441 |
||